000 00774nam a22002057a 4500
003 AM-YEHGA
040 _aAM-YeHGA
090 _c457649
005 20250618075333.0
008 201204b2020 ai ||||| |||| 00| 0 arm d
041 0 _aarm
100 1 _aԽաչատրյան, Արամ
_91671
245 1 0 _aԲանակցությունները բազմակողմ հարթակներում /
_cԱրամ Խաչատրյան; Խմբ.՝ Վահան Գաբրիելյան
260 _aԵրևան :
_bՀայաստանի դիվանագիտ.դպրոց,
_c2020
300 _a176 էջ
504 _aՄատենագիտ. էջ՝ 157-170
650 1 4 _aՄիջազգային հարաբերություններ
_94824
700 1 _aԳաբրիելյան, Վահան
_eխմբ
_4edt
942 _2udc
_cBK
999 _c454655
_d454655